Totem lore and the land of the Totem (Record no. 6876)
[ view plain ]
| 000 -CABECERA | |
|---|---|
| campo de control de longitud fija | 00600nam a2200193 a 4500 |
| 001 - NÚMERO DE CONTROL | |
| campo de control | BRCA_7195 |
| 005 - FECHA Y HORA DE LA ÚLTIMA TRANSACCIÓN | |
| campo de control | 20190320205739.0 |
| 008 - DATOS DE LONGITUD FIJA--INFORMACIÓN GENERAL | |
| campo de control de longitud fija | 160112s1930----u--ab#####---#000-0#eng-# |
| 041 ## - CÓDIGO DE LENGUA | |
| Código de lengua del texto/banda sonora o título independiente | eng |
| 050 #4 - SIGNATURA TOPOGRÁFICA DE LA BIBLIOTECA DEL CONGRESO | |
| Número de clasificación | GN489 |
| Número de documento/Ítem | .C66 |
| 100 1# - ENTRADA PRINCIPAL--NOMBRE DE PERSONA | |
| Nombre de persona | Corser, H. P. |
| Fechas asociadas al nombre | 1864-1936. |
| Forma completa/desarrollada del nombre | (Harry Prosper) |
| 9 (RLIN) | 17833 |
| 245 10 - MENCIÓN DE TÍTULO | |
| Título | Totem lore and the land of the Totem |
| Resto del título | including Totem lore and through the ten thousand islands of Alaska |
| Mención de responsabilidad, etc. | H. P. Corser. |
| 260 ## - PUBLICACIÓN, DISTRIBUCIÓN, ETC. | |
| Lugar de publicación, distribución, etc. | Alaska |
| Nombre del editor, distribuidor, etc. | The Nugget Shop |
| Fecha de publicación, distribución, etc. | [1930] |
| 300 ## - DESCRIPCIÓN FÍSICA | |
| Extensión | 110 p. |
| Otras características físicas | il., mapas |
| Dimensiones | 26 cm. |
| 500 ## - NOTA GENERAL | |
| Nota general | P89 |
| 650 14 - PUNTO DE ACCESO ADICIONAL DE MATERIA--TÉRMINO DE MATERIA | |
| Término de materia o nombre geográfico como elemento de entrada | Totems |
| Subdivisión geográfica | Alaska |
| 9 (RLIN) | 17834 |
| 902 ## - CATALOGADOR | |
| Iniciales | GFM |
| 942 ## - ELEMENTOS DE PUNTO DE ACCESO ADICIONAL (KOHA) | |
| Fuente del sistema de clasificación o colocación | Library of Congress Classification |
| Tipo de ítem Koha | Libros |
| Estado de retiro | Estado de pérdida | Estado dañado | No para préstamo | Localización permanente | Ubicación/localización actual | Fecha de adquisición | Número de inventario | Total de préstamos | Signatura topográfica completa | Código de barras | Fecha visto por última vez | Precio válido a partir de | Tipo de ítem Koha |
|---|---|---|---|---|---|---|---|---|---|---|---|---|---|
| El ejemplar forma parte de la colección y puede ser consultado según las políticas vigentes. | Biblioteca del Museo Franz Mayer (Rogerio Casas-Alatriste) | Biblioteca del Museo Franz Mayer (Rogerio Casas-Alatriste) | 16/01/2012 | P89 | GN489 .C66 (P89) | 7649 | 22/03/2019 | 22/03/2019 | Libros |